Statystyki dla Korona Gór Polskich

Kliknij tutaj aby rozwiązać quiz!

Ogólne statystyki

  • Ten quiz został rozwiązany 31 razy
  • Średni wynik to 12 z 28

Statystyki odpowiedzi

HintOdpowiedź% Poprawnych
TatryRysy
100%
KarkonoszeŚnieżka
89%
Beskid ŻywieckiBabia Góra
84%
Masyw ŚnieżnikaŚnieżnik
74%
Góry ŚwiętokrzyskieŁysica
68%
Bieszczady ZachodnieTarnica
63%
Masyw ŚlężyŚlęża
58%
Góry SowieWielka Sowa
53%
PieninyWysoka
53%
Góry StołoweSzczeliniec Wielki
47%
Beskid ŚląskiSkrzyczne
42%
GorceTurbacz
42%
Góry WałbrzyskieChełmiec
37%
Beskid MałyCzupel
32%
Beskid NiskiLackowa
32%
Góry OrlickieOrlica
32%
Beskid SądeckiRadziejowa
32%
Rudawy JanowickieSkalnik
32%
Góry KaczawskieSkopiec
32%
Góry BardzkieKłodzka Góra
26%
Góry ZłoteKowadło
26%
Beskid WyspowyMogielica
26%
Góry BialskieRudawiec
26%
Góry IzerskieWysoka Kopa
26%
Góry OpawskieBiskupia Kopa
21%
Góry BystrzyckieJagodna
21%
Beskid MakowskiLubomir
21%
Góry KamienneWaligóra
21%

Rozkład punktacji

Percentyl według liczby udzielonych odpowiedzi

Procent ludzi z każdym wynikiem

Twoja historia wyników

Nie rozwiązałeś tego quizu